| 000 | 00706nam a22001817a 4500 | ||
|---|---|---|---|
| 005 | 20260326110239.0 | ||
| 008 | 250214b |||||||| |||| 00| 0 eng d | ||
| 082 | _aUT 1730 Os57 2022 | ||
| 100 |
_aOso, Angelica T., _965288 |
||
| 245 |
_aAttitude towards mathematics among indigenous people: A factors analysis / _cAngelica T. Oso, Anna Marie Roxas, and Aireen B. Maglasang. |
||
| 260 |
_aDigos City : _bUMDC, _c©December 2022. |
||
| 300 |
_aix, 43 pages : _billustration (some colors) ; _c29 cm. |
||
| 521 | _aIncludes references and appendices. | ||
| 650 | 0 |
_aEducation _xUndergraduate Thesis. _970209 |
|
| 700 |
_a Roxas, Anna Marie _965289 |
||
| 700 |
_a Maglasang, Aireen B. _965290 |
||
| 942 |
_2ddc _cUT |
||
| 999 |
_c23451 _d23451 |
||